00860nam a2200181 a 4500008004100000020001800041050001400059110006300073245011100136260008300247300001600330350000900346650004300355650004000398995010000438999001700538952012300555101125s2008 ||||||||||||||||| || u a9780981409917 aSARUA(02) aSouthern African Regional Universities Association (SARUA)10aScience and technology: a baseline study on science and technology and higher education in the SADC region aJohannesburgbSouthern African Regional Universities Association (SARUA)c2008 a208p. ;ill. a0.00 aTECHNOLOGY--STUDY AND TEACHING--AFRICA aSCIENCE--STUDY AND TEACHING--AFRICA D0.00FCBU-MAIN LIBRARY (Kitwe)H1I0.00M1UAVAILABLEWNov 29, 2010ZInternational Publications c57087d57087 00102lcc4070a001b001cInternational Publicationsd2022-11-30l0oSARUA(02)p03007416r2022-11-30w2022-11-30y002